01011nam a2200253 a 450000100060000000300090000600800410001501500210005602000180007704000280009508200150012324501490013825000120028726000300029930000190032949000200034850000320036865000420040070000500044294200120049299000990050499900170060395201370062025165CO-ViMGA141112s2004 ck r 000 u spa d ack - 2012 - xxxx a9789588257549 aCO-ViMGAbspacCO-ViMGA04aCo868.620910aQué bonito baila el chulo! [braille] : bcantas del Valle de Tenza / cseleccionadas por María Fornaguera ; ilustradas por Lorenzo Jaramillo a1a. ed. aBogotá : bINCI, c2012 a21 p. ; 25 cm. aLibro al viento aTexto en imprenta y braille14aCuentos colombianos - Siglo XXI922561 aFornaguera de Roda, María, 1927 - , 938334 2ddccBK aInstituto Nacional para Ciegos - INCI 2 ejemplares 21 03/12/2012 n a830552 03/12/12 26/11/2012 c32792d32792 01102ddc44708002aMEVIECARbMEVIECARd2015-12-04h14/ago/2013l0oCo868.6209 p26103r2015-12-04 00:00:00tEj. 1w2015-12-04yBK